[Event "El Salvador Prokuriza Cup"]
[Site "El Salvador"]
[Date "2017.06.25"]
[Round "5"]
[White "Squella Lavin, Carlos Felipe"]
[Black "Cristian, Andrei"]
[Result "1-0"]
[WhiteElo "2296"]
[BlackElo "2021"]
[PlyCount "103"]
[EventDate "2017.06.23"]
[EventType "tourn"]
[EventRounds "7"]
[EventCountry "CHI"]
[SourceTitle "CBM 179 Extra"]
[Source "ChessBase"]
[SourceDate "2017.08.23"]
[SourceVersion "1"]
[SourceVersionDate "2017.08.23"]
[SourceQuality "1"]

1. d4 Nf6 2. c4 e6 3. Nc3 d5 4. cxd5 exd5 5. Bg5 c6 6. e3 Bf5 7. Qf3 Bg6 8. Bxf6 Qxf6 9. Qxf6 gxf6 10. h4 Nd7 11. h5 Bf5 12. 0-0-0 Bb4 13. Nge2 0-0-0 14. Ng3 Be6 15. h6 Bd6 16. f4 Rhg8 17. Nh5 Bf8 18. Bd3 f5 19. Rdg1 Nb6 20. g4 Rxg4 21. Rxg4 fxg4 22. Nf6 Be7 23. Nh5 Nc4 24. Nd1 Nd6 25. Ng7 Ne4 26. Bxe4 dxe4 27. Nxe6 fxe6 28. Nf2 g3 29. Nxe4 g2 30. Rg1 Rg8 31. Ng5 Bxg5 32. Rxg2 Rg6 33. Rxg5 Rxh6 34. Rg7 Rh5 35. Re7 c5 36. Rxe6 cxd4 37. exd4 Rf5 38. Re4 Kd7 39. Kd2 Kd6 40. Ke3 Rh5 41. Re5 Rh2 42. Rb5 Kc6 43. Rb3 b6 44. f5 Kd6 45. Ra3 a5 46. Rb3 Kc6 47. Kf4 b5 48. f6 Rf2+ 49. Rf3 Rxf3+ 50. Kxf3 Kd6 51. Kf4 Ke6 52. Kg5 1-0

[Event "El Salvador Prokuriza Cup"]
[Site "El Salvador"]
[Date "2017.06.24"]
[Round "2"]
[White "Cristian, Andrei"]
[Black "Lenoir Ibacache, Gabriel Alberto"]
[Result "1/2-1/2"]
[WhiteElo "2021"]
[BlackElo "2239"]
[PlyCount "83"]
[EventDate "2017.06.23"]
[EventType "tourn"]
[EventRounds "7"]
[EventCountry "CHI"]
[SourceTitle "CBM 179 Extra"]
[Source "ChessBase"]
[SourceDate "2017.08.23"]
[SourceVersion "1"]
[SourceVersionDate "2017.08.23"]
[SourceQuality "1"]

1. e4 c5 2. Nf3 d6 3. d4 cxd4 4. Nxd4 Nf6 5. Nc3 a6 6. Be3 e5 7. Nf3 Qc7 8. a4 Be7 9. a5 Nbd7 10. Be2 0-0 11. Nd2 b5 12. axb6 Nxb6 13. 0-0 Bb7 14. Bd3 d5 15. Bxb6 Qxb6 16. exd5 Nxd5 17. Nxd5 Bxd5 18. Qh5 f5 19. Nc4 Qf6 20. Ne3 Be6 21. Ng4 Qf7 22. Qxf7+ Kxf7 23. Nxe5+ Kf6 24. f4 a5 25. Bc4 Bxc4 26. Nxc4 a4 27. Kh1 Rfb8 28. c3 Rb3 29. Rfc1 a3 30. bxa3 Ra4 31. Ne3 Raxa3 32. Nd5+ Kf7 33. Nxe7 Kxe7 34. Rxa3 Rxa3 35. h3 Ra4 36. c4 Kd6 37. Rd1+ Kc6 38. Rd5 g6 39. Rd4 h5 40. Kh2 h4 41. g4 Ra2+ 42. Kg1 1/2-1/2